| 000 | 00532nam a2200217Ia 4500 | ||
|---|---|---|---|
| 003 | OSt | ||
| 005 | 20230317115343.0 | ||
| 008 | 210423s2015 xx 000 0 und d | ||
| 020 | _a978-81-7599-319-8 | ||
| 040 | _cAL | ||
| 041 | _aeng | ||
| 082 |
_a909 _223 _bWELS |
||
| 100 |
_aWELLS (H G) _976130 |
||
| 245 | _aShort history of the world | ||
| 260 |
_aNew Delhi _bFingerprint _c2015 |
||
| 300 |
_a472 _bPB |
||
| 365 |
_b299 _cINR |
||
| 650 |
_aWorld History _976131 |
||
| 906 | _ahistory ; Short ; world | ||
| 942 |
_2ddc _cBK |
||
| 999 |
_c168638 _d168638 |
||